000 00611nam a2200181Ia 4500
008 210423s2003 xx 000 0 und d
020 _a8122894797
041 _aeng
082 _a323.4483 ALBA
100 _aALBARRAN (Alan B);GOFF (David H),Ed
245 _aUnderstanding the web: social political and economic dimensions of the internet
260 _aNew Delhi
_bSurjeeth Publications
_c2003
300 _axvi,289
_bPB
365 _b195
_cINR
650 _aCivil & Political Rights
650 _aPolitical Science
906 _adimensions ; economic ; internet ; political ; social ; Understanding ; web:
999 _c155498
_d155498